Statistiques concernant Géographie: Le jeu des frontières #3

Cliquez ici pour prendre le quiz!

Statistiques générales

  • Ce quiz a été pris 114 fois
  • Le résultat moyen est 48 sur 64

Statistiques - réponses

QuestionTuileSelect% Correct
entre le Danemark et l'ÉgypteAllemagneOui
96%
entre le Japon et la NorvègeGéorgieNon
94%
entre le Japon et la NorvègeLituanieNon
94%
entre le Japon et la NorvègeLettonieNon
93%
entre l'Inde et le YémenTurquieNon
93%
entre le Danemark et l'ÉgypteFranceNon
92%
entre l'Inde et le YémenKirghizistanNon
92%
entre l'Inde et le YémenTurkménistanNon
92%
entre le Japon et la NorvègeAllemagneNon
91%
entre le Danemark et l'ÉgypteÉgypteOui
91%
entre la Colombie et la SomalieCamerounNon
91%
entre le Danemark et l'ÉgypteCroatieNon
91%
entre le Japon et la NorvègeDanemarkNon
91%
entre le Japon et la NorvègeEstonieNon
91%
entre le Japon et la NorvègeBiélorussieNon
90%
entre la Colombie et la SomalieMaliNon
90%
entre l'Inde et le YémenOuzbékistanNon
90%
entre l'Inde et le YémenOmanNon
89%
entre le Japon et la NorvègePologneNon
89%
entre l'Inde et le YémenChineNon
86%
entre l'Inde et le YémenNépalNon
86%
entre l'Inde et le YémenTadjikistanNon
86%
entre le Danemark et l'ÉgypteSuisseNon
85%
entre l'Inde et le YémenKoweïtNon
84%
entre la Colombie et la SomalieLibyeNon
84%
entre la Colombie et la SomalieAlgérieNon
83%
entre la Colombie et la SomalieNigerNon
82%
entre la Colombie et la SomalieÉgypteNon
81%
entre la Colombie et la SomalieNigeriaNon
81%
entre le Danemark et l'ÉgypteTurquieOui
80%
entre le Danemark et l'ÉgypteSlovaquieNon
79%
entre le Japon et la NorvègeNorvègeOui
77%
entre le Japon et la NorvègebateauOui
77%
entre le Japon et la NorvègeRussieOui
77%
entre le Danemark et l'ÉgypteDanemarkOui
76%
entre le Danemark et l'ÉgypteIsraëlOui
76%
entre le Danemark et l'ÉgypteAutricheOui
75%
entre l'Inde et le YémenYémenOui
74%
entre le Danemark et l'ÉgypteItalieNon
74%
entre le Japon et la NorvègeChineNon
73%
entre la Colombie et la SomalieSomalieOui
72%
entre le Japon et la NorvègeJaponOui
71%
entre le Danemark et l'ÉgypteBulgarieOui
71%
entre le Danemark et l'ÉgypteSyrieOui
71%
entre la Colombie et la SomalieColombieOui
70%
entre le Japon et la NorvègeCorée du NordNon
70%
entre le Danemark et l'ÉgypteHongrieOui
70%
entre le Danemark et l'ÉgypteRoumanieOui
70%
entre la Colombie et la SomalieTchadNon
70%
entre l'Inde et le YémenIndeOui
66%
entre le Japon et la NorvègeSuèdeNon
66%
entre l'Inde et le YémenArabie saouditeOui
65%
entre le Danemark et l'ÉgypteGrèceNon
65%
entre l'Inde et le YémenAfghanistanNon
63%
entre l'Inde et le YémenPakistanOui
60%
entre la Colombie et la SomalieSoudanNon
60%
entre la Colombie et la SomalieÉthiopieNon
59%
entre l'Inde et le YémenIranOui
59%
entre l'Inde et le YémenIrakOui
53%
entre le Japon et la NorvègeFinlandeOui
49%
entre la Colombie et la SomalieavionNon
49%
entre la Colombie et la SomaliebateauOui
38%
entre la Colombie et la SomalieKenyaOui
13%
entre la Colombie et la SomalieTanzanieOui
11%

Distribution des résultats

Percentile par nombre de réponses

% des personnes avec chaque résultat

Votre développement - résultats

Vous n’avez pas pris ce quiz